Score 0/12 Timer 01:00
3 Plays Today
% Correct
Criminology
95.8%
Meteorology
94.9%
Cardiology
94.5%
Psychology
93.6%
Audiology
92.3%
Oncology
90%
Paleontology
86.1%
Biology
83.2%
Ornithology
83%
Vexillology
81.1%
Anthropology
78.5%
Etymology
77.4%

Today's Daily Dose

Remove Ads.
Support Sporcle.
Get the best of Sporcle when you Go Orange. This ad-free experience offers more features, more stats, and more fun while also helping to support Sporcle. Thank you for becoming a member.

You're not logged in!

Compare scores with friends on all Sporcle quizzes.
OR
Log In

Show Comments

Extras

Top Quizzes Today


Score Distribution

Your Account Isn't Verified!

In order to create a playlist on Sporcle, you need to verify the email address you used during registration. Go to your Sporcle Settings to finish the process.

Report this User

Report this user for behavior that violates our Community Guidelines.

Details: